000 00686nam a2200205 i 4500
001 71606
003 ES-MaACL
005 20250826065709.0
007 t|
008 040813s1915 sp |||| | spa d
100 1 _aGeorge, Henry.
_956382
245 1 3 _aLa condición del trabajo /
_cHenry George ; traducción directa del inglés por Baldomero Argente.
260 _aMadrid :
_bFrancisco Beltrán,
_c[1915]
300 _a118 p. ;
_c21 cm.
650 7 _aTrabajo-
_xAspectos religiosos-
_xCristianismo
_2
_9165799
650 7 _aProblemas sociales
_2embne
_916415
700 1 _aArgente, Baldomero,
_d1877-1965
_922691
852 _aES-MaACL
_j1490-F-10
999 _c71606
_d71606